000 00673nam a2200181Ia 4500
008 100920s9999 xx 000 0 und d
082 _b5012
_a51 थ 56
100 _aText1
245 _aलोकप्रिय भाऊसाहेब सोमण.
260 _bकै. भाऊसाहेब सोमण स्मारक समिति, सातारा.
_c1956
300 _a240
_bसाधी
365 _b0
520 _aचरित्र.
630 _aलोकप्रिय भाऊसाहेब सोमण.
650 _aचरित्र.
730 _aलोकप्रिय भाऊसाहेब सोमण.
942 _cBOOK
999 _c674272
_d674269